Bệnh hại cà chua do nấm, vi khuẩn và biện pháp phòng chống (Sách chuyên khảo)
Gardado en:
| Autor Principal: | |
|---|---|
| Formato: | Libro |
| Idioma: | Undetermined |
| Publicado: |
Hà Nội
Nông Nghiệp
2007
|
| Những chủ đề: | |
| Các nhãn: |
Engadir etiqueta
Sen Etiquetas, Sexa o primeiro en etiquetar este rexistro!
|
| Thư viện lưu trữ: | Trung tâm Học liệu Trường Đại học Cần Thơ |
|---|
| LEADER | 00662nam a2200205Ia 4500 | ||
|---|---|---|---|
| 001 | CTU_127959 | ||
| 008 | 210402s9999 xx 000 0 und d | ||
| 020 | |c 8500 | ||
| 082 | |a 635.642 | ||
| 082 | |b V305 | ||
| 100 | |a Nguyễn, Văn Viên | ||
| 245 | 0 | |a Bệnh hại cà chua do nấm, vi khuẩn và biện pháp phòng chống (Sách chuyên khảo) | |
| 245 | 0 | |c Nguyễn Văn Viên, Đỗ Tấn Dũng | |
| 260 | |a Hà Nội | ||
| 260 | |b Nông Nghiệp | ||
| 260 | |c 2007 | ||
| 650 | |a Tomatoes,Cà chua | ||
| 650 | |x Diseases,Bệnh | ||
| 904 | |i M.Loan | ||
| 980 | |a Trung tâm Học liệu Trường Đại học Cần Thơ | ||